00669nam a2200241 a 4500001001300000003000900013005001700022008004100039020000800080082001600088100002600104245002000130260003700150300000900187500003500196505000800231650002000239700002600259902000800285942000700293952011200300999001500412nice12345678IN_TiNIC20260116011810.0050524s0000 biha grp 000 0 urd  ac500a297.82bNAQ aNaqvi, Mohammad Baqir aShiah Imamiyya. aBiharbMatbua Matba Khujwac0000 a216p aincludes index and biblioraphy2 aIll aShiah-Doctrines1 aNaqvi, Mohammad Baqir bSRS cBK 001040708StackRoom-aHMIbHMId2007-06-28g5.00l0o297.82 NAQp06852r2007-06-28v5.00w2005-05-24yBK c4053d4053